Welfare and work in the open economy: from vulnerability to competitiveness /

Shranjeno v:
Bibliografske podrobnosti
Glavni avtor: Scharpf, Fritz W., editor
Drugi avtorji: Schmidt, Vivien A., editor
Format: Neznan
Jezik:English
Izdano: Estados Unidos de América : Oxford University Press
Teme:
Oznake: Označite
Brez oznak, prvi označite!

MARC

LEADER 00000 a2200000 04500
001 45721
003
008 050622s2000 -uso eng d
040 |a CRAI/IIS  |c CRAI/IIS 
020 |a 0-19-924088-4  
022 |a 0-19-924088-4  
041 |a inglés  
090 |a 02.01.03 S311w  
100 |a Scharpf, Fritz W., editor  
245 |a Welfare and work in the open economy:  |b from vulnerability to competitiveness /  |c Fritz W. Scharpf, editor; Vivien A. Schmidt, editor  
260 |a Estados Unidos de América :   |b Oxford University Press  
300 |a 403 páginas  
300 |b fotografías  
650 |a POLITICA ECONOMICA  
650 |a ECONOMIA/  
650 |a GLOBALIZACION/  
650 |a CAPITALISMO/  
650 |a BIENESTAR SOCIAL/  
650 |a TRABAJO  
700 |a Schmidt, Vivien A., editor  
999 |c 18411  |d 18411